000 00658nam a22001937a 4500
005 20131011162129.0
010 _aENG-107580
020 _a9780415811712
_c795.00
035 _aEN-91113
037 _bDBAD/PUB
082 _a305
245 _aThe virtual transformation of the public sphere :
_cedited by Gaurav Desai
_bknowledge, politics, identity /
260 _aNew Delhi
_bRoutledge
_c2013
270 _a912, Tolstoy House, 15-17 Tolstoy Marg, Connaught Place
_bNew Delhi
_e110001
300 _avi,307p.
_c23cm(Hb)
500 _aIncludes bibliographical references and index
700 _aDesai, Gaurav
942 _2ddc
_cEN
_mVIR
_h305
999 _c76538
_d76538